Statistics for 10 most popular movie stars

Click here to take the quiz!

General Stats

  • This quiz has been taken 53 times
  • The average score is 2 of 10

Answer Stats

HintAnswer% Correct
2.Leonardo DiCaprio
67%
1.Tom Cruise
50%
7.Johnny Depp
35%
4.Dwayne Johnson
27%
8.Will Smith
27%
3.Adam Sandler
15%
5.Ben Stiller
2%
9.Mark Wahlberg
0%
10.Robert Pattinson
0%
6.Sacha Baron Cohen
0%

Score Distribution

Percentile by Number Answered

Percent of People with Each Score

Your Score History

You have not taken this quiz